| 000 | 00399nam a22001457a 4500 | ||
|---|---|---|---|
| 020 | _qHB. | ||
| 040 | _cFIZZA ISHAQ | ||
| 082 |
_a624.1762 _bLUI |
||
| 100 |
_aELMSHAI, AMR S. SARNO DI LUIGI. _985754 |
||
| 245 |
_aFUNDAMENTALS OF EARTH QUICKE ENGINEERING / _c LUIGI DI SARNO AMR S. ELMSHAI. |
||
| 250 | _a2nd ED. | ||
| 260 |
_aDELHLI : _bWILAY SON, _c2015. |
||
| 300 | _a469 P.; | ||
| 942 |
_2ddc _cBK |
||
| 999 |
_c587099 _d587099 |
||